• 首页
  • 本馆介绍
  • 公告通知
  • 最新文献
  • 馆藏检索
  • 电子资源
  • 读者导购
  • 参考咨询
  • 我的图书馆
  • 登录
  • 详细信息显示
  • 放入我的书架
  • 预约/预借图书
  • 作者相关作品
  • 分类相关作品
  • 丛书相关作品
  • 出版社相关作品

书目信息

  • 表格格式
  • 工作单格式
  • 卡片格式
题名:
少林七十二艺与武当三十六功
    
 
作者: 裴锡荣 , 吴忠贤 编著
分册:  
出版信息: 北京   人民体育出版社  2000
页数: 228页
开本: 19cm
丛书名: 中华传统武术大观丛书
单 册:
中图分类: G852.15
科图分类:
主题词: 武术--中国
电子资源:
ISBN: 7-5009-2044-X
000 00720nam2 2200229 45
001 0401262395
005 20040126233411.5
010    @a7-5009-2044-X@dCNY13.00
100    @a20040126d2000 km y0chiy0120 ea
101 0  @achi
105    @aa z 000yy
200 1  @a少林七十二艺与武当三十六功@AShao Lin Qi Shi Er Yi Yu Wu Dang San Shi Liu Gong@f裴锡荣,吴忠贤编著@FPei Xi Rong,Wu Zhong Xian Bian Zhu
210    @a北京@c人民体育出版社@d2000
215    @a228页@c图@d19cm
225    @a中华传统武术大观丛书
410    @12001 @a中华传统武术大观丛书
606 0  @a武术@y中国
690    @aG852.15@v4
701  0 @a裴锡荣@4编著
701  0 @a吴忠贤@4编著
801    @aCN@bTSTCL@c20040126
905    @b332522-526@dG852.15@e105@f5
    
    少林七十二艺与武当三十六功/裴锡荣,吴忠贤编著.-北京:人民体育出版社,2000
    228页:图;19cm.-(中华传统武术大观丛书)
    
    
    ISBN 7-5009-2044-X:CNY13.00
    
●
相关链接 在E读中查询图书 在五车中查询图书 在当当中查询图书 在豆瓣中查询图书


正题名:少林七十二艺与武当三十六功     索取号:G852.15/105         预约/预借

序号 登录号 条形码 馆藏地/架位号 状态 备注
1 0332522   203325222   第四借阅区/ [索取号:G852.15/105] 在馆    
2 0332523   203325231   第四借阅区/ [索取号:G852.15/105] 在馆    
3 0332524   203325240   第四借阅区/ [索取号:G852.15/105] 在馆    
4 0332525   203325259   第四借阅区/ [索取号:G852.15/105] 在馆    
5 0332526   203325268   第一样本阅览室/ [索取号:G852.15/105] 在馆    
唐山师范学院图书馆 欢迎您!
大连网信软件有限公司© 版权所有